[Event "Herzliya"]
[Site "Herzliya"]
[Date "1993.??.??"]
[Round "9"]
[White "Boensch, Uwe"]
[Black "Gruenfeld, Yehuda"]
[Result "0-1"]
[WhiteElo "2525"]
[BlackElo "2535"]
[Annotator "Stohl,I"]
[PlyCount "108"]
[EventDate "1993.11.??"]
[EventType "tourn"]
[EventRounds "11"]
[EventCountry "ISR"]
[EventCategory "10"]
[SourceTitle "CBM 039"]
[Source "ChessBase"]
[SourceDate "1994.04.01"]
[SourceVersion "1"]
[SourceVersionDate "1994.04.01"]
[SourceQuality "1"]

1. d4 {Boensch} Nf6 2. c4 e6 3. g3 c5 4. d5 exd5 5. cxd5 d6 6. Bg2 g6 7. Nf3
Bg7 8. O-O O-O 9. Nc3 a6 10. a4 Nbd7 11. h3 (11. e4 Rb8 12. Bf4 Qe7 13. a5 Ng4
14. h3 Nge5 15. Nd2 b5 16. axb6 Nxb6 17. Qc2 h5 $132 {Szamos-Meduna/Hlohovec
op/1993/}) (11. Bf4 Qe7 12. a5 Rb8 13. h3 h6 $5 14. e4 g5 15. Bc1 b5 16. axb6
Nxb6 17. Re1 Nfd7 18. Bf1 Ne5 19. Nxe5 Qxe5 20. Be3 Nd7 21. f4 $13 {1/2:1/2/
Savcenko,S-Gurevich,V/Ukraine-ch/1989/}) 11... Rb8 12. Bf4 Qe7 13. a5 (13. Rb1
$5 h6 14. e4 (14. b4 $6 Nh5 15. Qc1 (15. Bd2 $2 Nxg3 $1 16. fxg3 Bxc3 $17)
15... Nxf4 16. gxf4 Re8 17. Qd2 {Goldin,A-Yedidia,J/New York op/1993/} cxb4 18.
Rxb4 Nc5 $36) 14... Nh5 15. Bd2 Ne5 16. Nxe5 Qxe5 17. f4 Qe7 18. Kh2 b5 19.
axb5 axb5 20. b4 $36 {Dautov,R-Matthias,R/Lippstadt/1991/}) (13. e4 b5 (13...
Ne8 14. Qd2 b5 15. axb5 axb5 16. Ra7 b4 17. Na4 Rb7 18. Rxb7 Bxb7 19. Re1 Nc7
20. e5 $1 Nxd5 21. exd6 Qd8 22. Bh6 $36 {Bartels,H-Dizdarevic,E/Berlin op/1988/
}) 14. axb5 axb5 15. Ra7 Nh5 16. Bg5 Bf6 17. Bxf6 Qxf6 18. Re1 Re8 19. Qd3 c4
20. Qd4 Ne5 21. Nxe5 dxe5 22. Qc5 Qb6 23. Qxb6 Rxb6 24. Rea1 Nf6 $132 {
Vanheste,J-Grooten,H/Dieren op/1988/}) 13... b5 $5 (13... Nh5 14. Bg5 f6 15.
Bd2 f5 16. Re1 Ne5 17. Nxe5 Bxe5 18. e3 b5 19. axb6 Rxb6 20. Na4 Rb8 21. Qc2 g5
22. Bc3 g4 23. h4 Nf6 24. Bxe5 Qxe5 25. Nc3 $13 {Savcenko,S-Ragozin,E/
Leningrad-chT/1989/}) 14. axb6 Nxb6 (14... Rxb6 15. Qc2 $14 {/\e4}) 15. e4 Nfd7
(15... Nc4 16. Qe2 $1 (16. b3 Nh5 17. Bg5 f6 $15) 16... Nxb2 $2 17. Bc1 $18)
16. Rc1 (16. Qc2 $5 Nc4 17. b3 Nce5 18. Nd2 $14 {/\Be3,Rae1,f4}) 16... Nc4 17.
b3 Nce5 18. Nxe5 Nxe5 19. Be3 c4 $1 $132 20. bxc4 (20. f4 $2 Nd3 $17) 20...
Nxc4 21. Bd4 Nb2 22. Qd2 Bxd4 $5 (22... Nc4 23. Qd3 Nb2 $10) 23. Qxd4 a5 24.
Nd1 $6 (24. Rc2 Rb4 (24... Ba6 25. Ra1 Rb4 $13) 25. Qd2 Nc4 26. Qc1 {/\Na2} Ba6
$132) 24... Rb4 25. Qc3 Na4 26. Qa1 Qd8 $1 $15 27. Ne3 (27. Nc3 Nc5 28. Rb1 Ba6
$36) 27... Nc5 28. Rxc5 $5 dxc5 29. Rc1 (29. e5 $142 $5 $132) 29... a4 30. e5 (
30. Rxc5 Qb6 31. Rc1 $8 Bd7 32. e5 Rc8 $17) 30... Qb6 31. e6 $5 Rd4 (31... fxe6
32. dxe6 Bxe6 33. Nd5 $132) 32. Nc4 (32. e7 Re8 33. Nc4 Qa6 {-32.Nc4}) 32...
Qa6 33. e7 Re8 34. d6 $1 Be6 $1 {? Boensch} (34... Rxc4 $2 35. Rxc4 Qxc4 36.
Bc6 Qd3 37. Qf6 $1 (37. Bxe8 Qxd6 38. Qe1 Be6 $17) 37... Bxh3 $1 $8 38. Kh2 Qf1
39. Qf3 $3 $18 (39. d7 Bxd7 40. Bxd7 Rxe7 41. Qxe7 Qxf2+ $15)) (34... Rxd6 $1
$16 {Boensch}) 35. Rd1 $5 {! Boensch: ein Hammer.} a3 (35... Rxc4 $142 $1 36.
Bf1 (36. d7 Bxd7 37. Rxd7 Qe6 $17) 36... Bd7 37. Qa2 {+- Boensch} Rc1 $3 38.
Bxa6 Rxd1+ 39. Kh2 Rxd6 $17) (35... Qxc4 $6 36. Bc6 Qa6 37. Bxe8 Qxd6 38. Rxd4
cxd4 39. Bxa4 Qxe7 40. Qxd4 Bxh3 41. Bc6 $10) 36. Rxd4 cxd4 37. Bd5 $1 $8 Bd7
38. Qa2 (38. Ne5 $142 $5 Qxd6 $8 39. Bxf7+ (39. Qxd4 Be6 40. Ng4 $1 Bxg4 $8 41.
Bxf7+ Kxf7 42. Qxd6 a2 $17) 39... Kg7 40. Bxe8 Bxe8 $15) (38. Qxa3 $1 {Boensch}
Qxa3 39. Nxa3 d3 40. Kf1 $18) 38... Kg7 39. Bxf7 (39. Qxa3 $1 {Boensch}) 39...
Rc8 (39... Kxf7 $2 40. Ne5+ $18) 40. Kh2 Qb5 $19 {Boensch} 41. Nxa3 Qe5 (41...
Qf5 $1 {Boensch}) 42. Nc4 Qe4 {?? Boensch} (42... Qf5 $1 {Boensch}) 43. Qa7 Qf5
$1 $17 {/\Qf2,Kf7} (43... Bc6 $2 44. Bd5 $1 $18) 44. Qxd4+ (44. e8=Q $10 {
Boensch} Rxe8 45. Bxe8 Qxf2+ 46. Kh1 Qf1+ 47. Kh2 Qf2+ $10) 44... Kxf7 45. g4 (
45. Ne5+ Ke6 46. Nxd7 Kxd7 $19) 45... Qc5 (45... Qf6 $6 46. Ne5+ (46. Qxf6+ $1
{Boensch} Kxf6 47. Nb6 $18) 46... Ke8 (46... Kg7 $2 47. g5 $18) 47. Qd5 Qe6 48.
Qd4 $5 $44) 46. Qf4+ Kg8 47. Nd2 $1 (47. Ne5 Qxd6 48. Qf7+ Kh8 49. Qf4 $5 (49.
Kg2 Bc6+ $19 (49... Qxe5 $4 50. Qf8+ Rxf8 51. exf8=Q#)) 49... Qxe7 50. Qd4 Qg7
$1 51. Nf7+ Kg8 52. Qxd7 Rf8 $19) 47... g5 {? Boensch} 48. Qf6 Qd5 49. Nf3 Bc6
50. Kg3 {? Boensch} (50. Qxg5+ Qxg5 51. Nxg5 Bd7 52. Nf3 Kf7 $19) (50. h4 $1 {
Boensch} gxh4 51. Kh3 $16) 50... Qd3 (50... Qxf3+ $2 51. Qxf3 Bxf3 52. d7 $18)
(50... Ra8 51. Nxg5 $5 $13) 51. Qxg5+ $2 (51. Qe6+ Kg7 52. Qe5+ Kf7 $19) (51.
Kh2 $5 $8 Qd5 52. Kg3) 51... Kf7 52. Qf5+ (52. Qf4+ Ke8 53. Qf8+ Kd7 $19) 52...
Qxf5 53. gxf5 Bxf3 54. Kxf3 (54. d7 Rg8+ 55. Kxf3 Kxe7 $19) 54... Rc6 0-1

[Event "Cannes m1"]
[Site "Cannes"]
[Date "1999.10.20"]
[Round "5"]
[White "Tkachiev, Vladislav"]
[Black "David, Alberto"]
[Result "1-0"]
[WhiteElo "2648"]
[BlackElo "2544"]
[Annotator "Stohl,I"]
[PlyCount "81"]
[EventDate "1999.10.15"]
[EventType "match"]
[EventRounds "8"]
[EventCountry "FRA"]
[SourceTitle "CBM 074"]
[Source "ChessBase"]
[SourceDate "2000.02.01"]
[SourceVersion "1"]
[SourceVersionDate "2000.02.01"]
[SourceQuality "1"]

1. d4 Nf6 2. c4 c5 3. d5 d6 4. Nc3 g6 5. g3 Bg7 6. Bg2 O-O 7. Nf3 e6 8. O-O
exd5 9. cxd5 a6 ({It's cleverer to delay the interpolation of a6,a4, as in
some lines this might weaken the b6-square and Black's <<.} 9... Nbd7 10. Bf4
Qe7 11. h3 h6 $5 (11... Nh5 12. Bg5 f6 13. Bd2 f5 14. Qc1 $1 $14) 12. Re1 (12.
e4 g5 13. Bd2 Rb8 14. Rb1 b5 15. b4 Nxe4 16. Nxe4 Qxe4 17. Nxg5 Qg6 18. Nf3 c4
19. Rc1 Ne5 20. Nxe5 Bxe5 21. Bc3 Bxc3 22. Rxc3 Bf5 23. Re1 Rfe8 $11 {Gurevich,
D-De Firmian,N/USA-ch/1994/}) 12... g5 13. Bd2 Nb6 14. e4 Nc4 15. Bc1 Nd7 16.
Bf1 Nce5 17. Nh2 Ng6 18. a4 a6 19. Be3 Rb8 20. Qc2 Qf6 21. Qd2 Qd8 22. Rab1 f5
23. exf5 Rxf5 {Poluljahov,A-Ruban,V/Anapa/1991/} 24. Bd3 Nde5 25. Bxf5 Bxf5 26.
Rbd1 Bxh3 $44) 10. a4 Nbd7 11. Bf4 Qe7 12. Rb1 $1 (12. Qc2 Nh5 $5 (12... h6 13.
Rab1 Re8 14. Rfe1 g5 15. Bd2 Nb6 16. Qb3 Nbd7 17. a5 Rb8 18. Qa2 b5 19. axb6
Rxb6 20. Na4 Rb8 21. e4 Ng4 22. b4 cxb4 23. Rxb4 Rxb4 24. Bxb4 $16 {Razuvaev,
Y-Ruban,V/Sochi 1989/}) 13. Bg5 f6 14. Bd2 f5 $132) (12. Qc1 Re8 13. Bh6 Rb8 (
13... Bh8 $5 $13) 14. Bxg7 Kxg7 15. a5 b5 16. axb6 Nxb6 17. Nd2 h5 18. h3 Na8
19. Nc4 $36 {Bernstein,S-Reshevsky,S/New York/1959/}) 12... Nh5 $6 $146 (12...
Ng4 $142 $1 13. Bg5 Bf6 (13... f6 $142 14. Bd2 f5 $132 {/\} 15. b4 $2 Bxc3 16.
Bxc3 Ne3 $1 $15) 14. Bxf6 Ndxf6 15. b4 $2 (15. h3 {[%cal Yb2b4] /\b4+/=}) 15...
cxb4 16. Rxb4 Ne3 $17 {Predein,V-Bazhin,A/Podolsk/1993/}) (12... Re8 13. b4 Ng4
14. Qb3 cxb4 15. Qxb4 Nc5 16. h3 Ne5 17. Nxe5 Bxe5 18. Bxe5 Qxe5 19. a5 Bd7 20.
Rfd1 Rac8 21. Qd4 Qh5 22. Kh2 Rcd8 23. Rb6 Bc8 24. e3 Qe5 25. Qxe5 Rxe5 26. Rd4
Re7 27. Nd1 Bf5 28. Nb2 Bc2 29. Rc4 Be4 30. Rd4 Bc2 31. Rdb4 Rdd7 32. Kg1 Bd3
33. Rd4 Bb5 34. Bf1 Bxf1 35. Kxf1 $16 {Mochalov,E-Belichev,N/Yalta/1995/ A
strategic ideal for White, Black has no <=> for his compromised pawn structure
in an _|_.}) 13. Bg5 f6 14. Bd2 f5 15. Ng5 $1 (15. b4 f4 $132) 15... Ndf6 16.
b4 c4 (16... cxb4 17. Rxb4 $16 {[%cal Rg5e6] <->b,/\Ne6}) (16... b6 $5 17. bxc5
bxc5 18. Qb3 $36 (18. Ne6 $6 Bxe6 19. dxe6 Rab8 $13)) 17. b5 $36 {[%csl Rc4]
><c4} a5 (17... h6 18. Ne6 $1 Bxe6 19. dxe6 Rab8 (19... Qxe6 20. Bxb7 $16) 20.
e4 (20. Qc1 Qxe6 21. Bxh6 $14) 20... Qxe6 21. exf5 Qxf5 22. h3 $44 {[%csl Rh5]
פh5}) (17... Ne4 18. Ngxe4 fxe4 19. Qc2 $5 e3 (19... Bf5 20. Bxe4 Bxc3 21.
Bxf5 Bxd2 22. Be6+ $16) 20. fxe3 $16) 18. b6 Ne4 $2 (18... h6 $142 $5 19. Ne6 (
19. Nf3 Ne4 20. Rc1 $14) 19... Bxe6 20. dxe6 Rab8 21. Nd5 Qxe6 22. Bxa5 $14)
19. Ngxe4 fxe4 20. Rc1 {[%csl Rc4,Re4]} ({Taking the pawn is premature, White
patiently waits for a more suitable moment.} 20. Nxe4 $6 Bf5 21. f3 (21. Bg5
Qe5 22. f4 Qd4+ 23. Qxd4 Bxd4+ 24. Kh1 Bxe4 25. Bxe4 Rae8 $36 {[%csl Gc4,Rg5]
o^c,ץg5}) 21... c3 $44) 20... Nf6 (20... Bf5 21. Nb5 $16 (21. h3 $2 e3 $1 22.
Bxe3 Nxg3 $40)) 21. Bg5 Bf5 22. Nb5 Rac8 23. Qd2 {[%csl Ra5,Rb7]} Qe5 (23...
Rc5 24. Qxa5 Rxd5 (24... Qe5 25. Bf4 Qxd5 26. Rfd1 $18) 25. Rxc4 $16) 24. Bf4
$1 Qxd5 25. Nxd6 Rc6 (25... Qxd2 26. Bxd2 Rcd8 27. Nxc4 $18) 26. Nxc4 $18 {
Now Black's position falls apart.} Rfc8 (26... Rxc4 27. Qxd5+ Nxd5 28. Rxc4
Nxb6 29. Rc7 Nxa4 30. Rxb7 $18 {/\} Nc3 $2 31. Rxg7+ Kxg7 32. Be5+) 27. Bc7
Rxc4 {Desperation, but Black will lose another pawn:} (27... Qxd2 28. Nxd2 Rxc1
29. Rxc1 Bh6 30. e3 Bf8 31. Rc4 Re8 32. Rd4 $5 Bc5 33. Rd8 $18) 28. Qxd5+ Nxd5
29. Rxc4 Nxb6 30. Rcc1 Nxa4 31. Bxa5 Bc3 (31... Nc3 32. Bxc3 Bxc3 33. Rb1 e3
34. Bd5+ $1 $18) 32. Bxc3 Nxc3 33. Rc2 e3 34. Rb2 exf2+ 35. Kxf2 (35. Rxf2 $2
Nd1 $16) 35... b5 36. Ra1 h5 37. Rb4 Kg7 38. Ra3 {[%cal Rb4b3] /\Rbb3} Bc2 $8
39. Ke1 Rc5 40. Ra7+ Kf6 41. Ra6+ (41. Ra6+ Ke7 42. Rc6 Rxc6 43. Bxc6 Ba4 44.
Kd2 Kd6 45. Bf3 Nd1 46. Rxa4 $18) 1-0

[Event "Dortmunder Schachtage-A 18th"]
[Site "Dortmund"]
[Date "1990.04.14"]
[Round "9"]
[White "Lobron, Eric"]
[Black "Wahls, Matthias"]
[Result "1/2-1/2"]
[WhiteElo "2545"]
[BlackElo "2565"]
[Annotator "Wahls,M"]
[PlyCount "127"]
[EventDate "1990.04.05"]
[EventType "tourn"]
[EventRounds "11"]
[EventCountry "GER"]
[EventCategory "13"]
[SourceTitle "CBM 018"]
[Source "ChessBase"]
[SourceDate "1990.10.01"]
[SourceVersion "1"]
[SourceVersionDate "1990.10.01"]
[SourceQuality "1"]

1. d4 Nf6 2. c4 e6 3. Nf3 c5 4. d5 exd5 5. cxd5 d6 6. Nc3 g6 7. g3 Bg7 8. Bg2
O-O 9. O-O Re8 10. h3 a6 11. a4 Nbd7 12. Bf4 Qe7 13. e4 Rb8 $2 (13... Qf8 14.
Re1 (14. g4 h5) 14... Nh5 15. Bg5 h6 16. Bd2 (16. Be3 Nhf6) 16... Ne5 $10 17.
g4 Nxf3+ 18. Qxf3 Nf6 19. Bxh6 Bxh6 20. Qxf6 Bg7 21. Qh4 Bd7 $44) 14. Re1 Nh5
15. Bg5 Qf8 16. g4 Nhf6 17. Bf4 $16 Ne5 18. Nxe5 dxe5 19. Be3 b6 20. Qd3 Qd6
21. Bf1 h5 22. f3 Nh7 23. Re2 Bf6 24. Qd2 Kh8 25. Rc1 Bd7 26. Rg2 Ra8 27. b3
Reb8 28. Nb1 Be7 29. Kh1 Qf6 30. d6 Bxd6 31. Rd1 Bf8 32. Qf2 Be6 33. Bc4 b5 34.
Bd5 Bxd5 35. exd5 bxa4 36. bxa4 Rb3 37. gxh5 Qf5 38. Nd2 Rd3 39. hxg6 fxg6 40.
Rdg1 Qxh3+ 41. Rh2 Qf5 42. Rg5 Qf7 43. Nc4 Rxd5 44. Rg4 Ra7 45. Qg3 Qf5 46. Bg1
Qe6 47. Rb2 Nf6 48. Rxg6 Rh7+ 49. Kg2 Qf7 50. Be3 e4 51. fxe4 Rdh5 52. Bg1 Nxe4
53. Ne5 Nxg3 54. Nxf7+ Rxf7 55. Rxg3 Bg7 56. Rb8+ Kh7 57. Rc8 Rff5 58. Rc6 Rhg5
59. Rxg5 Rxg5+ 60. Kf1 Rg4 61. Rxa6 c4 62. Rc6 c3 63. Be3 Rxa4 64. Ke2 1/2-1/2